| 000 | 01091 a2200169 4500 | ||
|---|---|---|---|
| 003 | Nust | ||
| 005 | 20221103170833.0 | ||
| 040 | _cNust | ||
| 082 | _a621.3192,TRA | ||
| 245 |
_aTransmission line reference book 345 Kv and above _cElectrical Research Council |
||
| 260 |
_aElectrical Power research Institute _bPalo Alto _c1975 |
||
| 300 | _a393 p | ||
| 505 | _aProject UHV a transmission research facility (Page-1), EHV-UHV transmission systems (Page-11), Electrical characteristics of EHV-UHV conductor configuration and circuits (Page-46), Corrona phenomena on ac transmission lines (Page-122), Radio and television interference (Page-149), Audible noise (Page- 192), Electrostatic effects of overhead transmission lines and stations (Page-248), Insulation design and general concepts (Page-281), Insulation for power frequency voltage (Page-296), Insulation for switching surges (Page-327), Ilightening performance of EHV-UHV lines (Page-368). | ||
| 600 |
_aElectrical Research Council _9102339 |
||
| 650 |
_aTransmission lilne refernce book 345 Kv and above _9102340 |
||
| 942 |
_2ddc _cBK |
||
| 999 |
_c180928 _d180928 |
||